000 00635nam a2200229 a 4500
001 62180
003 BD-RjUL
005 20211209081042.0
008 170123s1957 nyu 001 0 eng
035 _a(BD-RjUL) 62305
040 _aBD-RjUL
_cBD-RjUL
_beng
041 _aeng
082 0 0 _a701
_223
_bLAP 1957
100 1 _aLanger, Susanne Katherina Knauth
_9184948
245 1 0 _aProblems of art :
_bten philosophical lectures /
260 _aNew York :
_bScribner,
_cC1957
300 _a184 p. ;
_c21 cm.
500 _aIncludes Index.
650 0 _aArt
_xPhilosophy.
_9184932
650 0 _aAesthetics.
_9176839
942 _2ddc
_cBK
999 _c62180
_d62180